Ťažko nadobudnuté skúsenosti

Plusy a mínusy privatizácie bytového fondu SR. Prevody vlastníctva a legislatíva. Vývoj registrácie spoločenstiev vlastníkov bytov v SR. Najväčšie problémy spoločenstiev vlastníkov.

Na minha lista:
Detalhes bibliográficos
Autor principal: Tytykalová, Halka
Formato: Capítulo de Livro
Idioma:eslovaco
Assuntos:
Tags: Adicionar Tag
Sem tags, seja o primeiro a adicionar uma tag!

MARC

LEADER 00000naa a2200000 4500
001 r039775
005 20230920071806.5
041 0 |a slo 
044 |a SK 
245 1 0 |a Ťažko nadobudnuté skúsenosti  |c Halka Tytykalová 
520 |a Plusy a mínusy privatizácie bytového fondu SR. Prevody vlastníctva a legislatíva. Vývoj registrácie spoločenstiev vlastníkov bytov v SR. Najväčšie problémy spoločenstiev vlastníkov. 
610 2 0 |a politika bytová 
610 2 0 |a byty družstevné 
610 2 0 |a privatizácia 
610 2 0 |a vlastníctvo súkromné 
610 2 0 |a vlastníctvo štátne 
610 2 0 |a organizácie nevládne 
610 2 0 |a Slovensko 
100 1 |a Tytykalová, Halka